000 00704nam a2200241Ia 4500
003 OSt
005 20220925222407.0
006 a|||||r|||| 00| 0
007 ta
008 220923b |||||||| |||| 00| 0 eng d
020 _a0713909072
037 _cGeneral Book
040 _aRTL
_cRTL
_beng
041 _2eng
_aeng
082 _aX9(F555).1.N7, L5
100 _aChevalier Jean-Marie
_9287669
245 0 _aNew oil stakes Tr by Ian Rock
260 _aLondon
_bPenguin Books U K
_c1975
300 _a187p. Bib p. 175-80 Appendix p. 134-52
_ccm.
650 _aPetroleum Industry
942 _hX9(F555).1.N7, L5
_cGB
_2CC
999 _c576915
_d576915